00645nam a2200193Ia 4500008004100000020001800041082001500059100001900074245001800093250000800111260004500119300002400164500001900188600002100207650005000228942000700278952014900285999001700434240925s9999 xx 000 0 und d a9781639895687 a004.65 HAR a Harrison, Jim 0aWeb designing aN/A aNew York:bStates Academic Pressc,2022. a234p.bNAfOriginal aIncludes Index aComputer Science aComputer science, information & general works cBK 001040708CSaUITUbUITUd2024-05-23eProgressive International Agenciesg26872.44l0o004.65 HARpQ15817r2024-09-25 07:17:53w0000-00-00yBK c18316d18316